=LDR 00000nam 2200000 4500 =001 INLIS000000000018324 =005 20130612113512 =008 ***********************************Ind** =035 ##$$0010-061300000018324 =041 ##$$a Ind =082 ##$$a 631.3 =090 ##$$a 631.3, Wir a =100 ##$$a Wiratmaja, Sutejo =245 ##$$a Alsintan, pengiris dan pemotong, Suteja Wiraatmaja =260 ##$$a 1995 $b Jakarta =300 ##$$a viii, 53 hlm, ilus, 21 cm =650 ##$$a Pertanian-alat dan perlengkapan =850 ##$$a NBPNMAT